Loading...
Music: intercultural aspects /
| Main Author: | |
|---|---|
| Format: | Printed Book |
| Published: |
Baroda:
Indian Musicological Society,
1999.
|
| Subjects: |
| LEADER | 00546nam a22001691a 4500 | ||
|---|---|---|---|
| 999 | |c 29824 |d 29824 | ||
| 082 | |a 780 |b DUB/M | ||
| 100 | |a Durga S A K (ed.) | ||
| 245 | |a Music: |b intercultural aspects / |c edited by Durga S A K | ||
| 260 | |a Baroda: |b Indian Musicological Society, |c 1999. | ||
| 300 | |a 87p. | ||
| 650 | |a Musicology India | ||
| 650 | |a Essays Musicology | ||
| 650 | |a Music | ||
| 650 | |a Arts | ||
| 942 | |c BK | ||
| 952 | |0 0 |1 0 |4 0 |6 780_000000000000000_DUB_M |7 0 |9 42908 |a SSUS |b SSUS |d 2015-01-08 |g 150.00 |o 780 DUB/M |p 048626 |r 2015-01-08 |v 0.00 |w 2015-01-08 |y BK | ||